[Event "SS Manhem Chess Week-IM 2018"]
[Site "Gothenburg"]
[Date "2018.08.14"]
[Round "5"]
[White "Pantzar, Milton"]
[Black "Mikalsen, Erlend"]
[Result "1/2-1/2"]
[WhiteElo "2306"]
[BlackElo "2289"]
[Annotator "NA"]
[PlyCount "119"]
[EventDate "2018.08.11"]
[EventCountry "SWE"]
[SourceTitle "playchess.com"]
[Source "ChessBase"]
[SourceQuality "1"]
[TimeControl "40/5400+30:1800+30"]

1. Nf3 {[%emt 0:00:00]} d5 {[%emt 0:00:00]} 2. d4 {[%emt 0:00:05]} Nf6 {[%emt 0:00:00]} 3. c4 {[%emt 0:00:14]} e6 {[%emt 0:00:04]} 4. g3 {[%emt 0:00:16]} dxc4 {[%emt 0:00:05]} 5. Bg2 {[%emt 0:00:10]} c5 {[%emt 0:00:03]} 6. O-O {[%emt 0:00:11]} Nc6 {[%emt 0:00:01]} 7. dxc5 {[%emt 0:00:39]} Qxd1 {[%emt 0:00:07] E04: Katalanisch} 8. Rxd1 {[%emt 0:00:06]} Bxc5 {[%emt 0:00:03]} 9. Nfd2 {[%emt 0:00:36]} Na5 {[%emt 0:00:18]} 10. Na3 {[%emt 0:00:40]} Bxa3 {[%emt 0:01:30]} 11. bxa3 {[%emt 0:00:06]} Bd7 {[%emt 0:17:07]} 12. Bb2 {[%emt 0:01:06]} Rc8 {[%emt 0:02:15]} 13. Bc3 {[%emt 0:03:27]} b6 {[%emt 0:00:23]} 14. Rdc1 {[%emt 0:00:36] [#]} Bb5 $146 {[%emt 0:04:08]} ({Vorgänger:} 14... O-O 15. Bxa5 bxa5 16. Nxc4 {½-½ (39) Prohaszka,P (2613)-Fridman,D (2636) Saint Louis 2018}) 15. Rab1 {[%emt 0:01:17]} Ba6 {[%emt 0:00:03]} 16. Bxa5 {[%emt 0:01:06]} bxa5 {[%emt 0:00:04]} 17. Bb7 {[%emt 0:00:12]} Bxb7 {[%emt 0:00:03]} 18. Rxb7 {[%emt 0:00:06]} c3 {[%emt 0:01:38]} 19. Rxa7 {[%emt 0:00:06]} O-O {[%emt 0:00:28]} 20. Nb3 $1 {[%emt 0:00:39]} Nd5 {[%emt 0:07:26]} 21. Rxa5 $14 {[%emt 0:13:56]} f5 {[%emt 0:03:55]} 22. Nd4 {[%emt 0:27:06]} Ra8 {[%emt 0:05:10]} 23. Rc5 {[%emt 0:09:01]} Rfc8 {[%emt 0:06:47]} 24. Rxc8+ {[%emt 0:11:23]} Rxc8 {[%emt 0:00:05]} 25. e3 {[%emt 0:04:33]} Kf7 {[%emt 0:01:48]} 26. Kf1 {[%emt 0:03:28]} g5 {[%emt 0:01:03]} 27. h3 {[%emt 0:05:24]} h5 {[%emt 0:02:58]} 28. Ke2 {[%emt 0:09:59]} Rb8 {[%emt 0:01:29]} 29. Rc2 {[%emt 0:01:10]} Kf6 {[%emt 0:04:55]} 30. f4 {[%emt 0:02:06]} gxf4 {[%emt 0:03:49]} 31. exf4 {[%emt 0:01:06]} h4 {[%emt 0:00:41]} 32. Kf3 {[%emt 0:01:02]} hxg3 {[%emt 0:00:56]} 33. Kxg3 {[%emt 0:00:50]} Ra8 {[%emt 0:00:04]} 34. Ne2 {[%emt 0:02:04]} Rxa3 {[%emt 0:00:37]} 35. Kf2 {[%emt 0:01:27]} Kg6 {[%emt 0:01:24]} 36. Kf3 {[%emt 0:00:14]} Ra4 {[%emt 0:00:12]} 37. Kf2 {[%emt 0:01:06]} Kh5 {[%emt 0:01:49]} 38. Kg3 {[%emt 0:00:43]} Re4 {[%emt 0:00:38]} 39. Kf3 {[%emt 0:00:37]} Kh4 {[%emt 0:00:24]} 40. Rc1 {[%emt 0:00:24]} Re3+ {[%emt 0:01:00]} 41. Kf2 {[%emt 0:30:07]} Rxh3 {[%emt 0:30:48]} 42. a4 {[%emt 0:00:00]} Nf6 {[%emt 0:00:00]} 43. a5 {[%emt 0:00:00]} Ne4+ {[%emt 0:00:00]} 44. Kg2 {[%emt 0:00:00]} Kg4 {[%emt 0:00:00]} 45. a6 {[%emt 0:00:00]} Rh7 {[%emt 0:00:00]} 46. Nxc3 {[%emt 0:00:00]} Nxc3 {[%emt 0:00:00]} 47. Rxc3 {[%emt 0:00:00]} Kxf4 {[%emt 0:00:00]} 48. Ra3 {[%emt 0:00:00]} Ra7 {[%emt 0:00:00]} 49. Kf2 {[%emt 0:00:00]} Ke4 {[%emt 0:00:00]} 50. Ra5 {[%emt 0:00:00]} Kd4 {[%emt 0:00:00]} 51. Kf3 {[%emt 0:00:00]} Kc4 {[%emt 0:00:00]} 52. Kf4 {[%emt 0:00:00]} Kb4 {[%emt 0:00:00]} 53. Ra1 {[%emt 0:00:00]} Kb5 {[%emt 0:00:00]} 54. Rb1+ {[%emt 0:00:00]} Kxa6 {[%emt 0:00:00]} 55. Ke5 {[%emt 0:00:00]} Re7 {[%emt 0:00:00]} 56. Kf6 {[%emt 0:00:00]} Rb7 {[%emt 0:00:00]} 57. Ra1+ {[%emt 0:00:00]} Kb5 {[%emt 0:00:00]} 58. Kxe6 {[%emt 0:00:00]} f4 {[%emt 0:00:00]} 59. Rf1 {[%emt 0:00:00]} Kc5 {[%emt 0:00:10]} 60. Rxf4 {[%emt 0:00:00]} 1/2-1/2

[Event "SS Manhem Chess Week-IM 2018"]
[Site "Gothenburg"]
[Date "2018.08.15"]
[Round "6"]
[White "Nedilko, Vasily"]
[Black "Pantzar, Milton"]
[Result "1/2-1/2"]
[WhiteElo "2369"]
[BlackElo "2306"]
[Annotator "TA"]
[PlyCount "125"]
[EventDate "2018.08.11"]
[EventCountry "SWE"]
[SourceTitle "playchess.com"]
[Source "ChessBase"]
[SourceQuality "1"]

{[%evp 21,124,0,11,0,0,0,0,0,0,0,0,0,0,-6,-6,-6,32,9,45,8,0,8,6,0,43,39,68,70,100,97,150,114,151,149,478,443,533,519,491,491,529,522,612,160,167,187,197,181,186,157,166,154,135,0,165,0,-4,-61,-8,-183,0,0,0,0,0,0,0,0,0,0,0,0,0,0,0,0,0,0,0,0,0,0,0,0,0,0,0,0,0,0,0,0,0,0,0,0,0,0,0,0,0,0,0,0,0]} 1. d4 Nf6 2. c4 e6 3. Nc3 Bb4 4. Nf3 b6 5. e3 Ne4 6. Qc2 Bb7 7. Bd3 f5 8. O-O Nxc3 {E43: Nimzoindisch (Rubinstein-System)} (8... Bxc3 9. bxc3 O-O 10. c5 bxc5 11. Ne1 cxd4 12. cxd4 Nc6 13. Ba3 Rf6 14. Rb1 Rb8 15. Nf3 Rg6 16. Rfc1 Nf6 17. Bf1 Nd5 {½-½ (32) Wang,Y (2706)-Bu,X (2713) China 2017}) 9. bxc3 Bxf3 10. gxf3 Bd6 11. f4 Qh4 {LiveBook: 5 Partien} 12. f3 O-O $146 ({Vorgänger:} 12... Nc6 13. Qf2 Qh6 14. Kh1 O-O 15. Rg1 Na5 16. Rg3 {1-0 (36) Doren,D (2230)-Binas,J (2251) ICCF email 2013}) 13. Qf2 Qh6 14. Bd2 Nc6 15. Kh1 Na5 16. Rg1 c5 17. Rg3 Rac8 18. Qe2 Rc7 19. Rag1 g6 20. Rg5 Be7 21. R5g2 Bd6 22. Be1 Kh8 23. h4 Rg8 24. h5 Be7 25. Rh2 gxh5 ({Besser ist} 25... g5) 26. Rxg8+ $16 Kxg8 27. e4 fxe4 $2 {[%mdl 8192]} (27... cxd4 $16 {ist eine bessere Chance.} 28. exf5 Bd6) 28. fxe4 $18 h4 29. Qg4+ (29. Rg2+ Kh8 $16) 29... Qg6 30. Qf3 {[#] Und Tg2 würde nun gewinnen.} Qh6 31. d5 ({Schwächer ist} 31. Rg2+ Kh8 $18) 31... Rc8 32. Bxh4 $2 (32. e5 $18 {und Weiss behält klar die Oberhand.}) 32... Bxh4 $16 33. Qg4+ Kh8 {und nun wäre ...Tg8 stark für Schwarz.} 34. Rxh4 Qg7 {[#]} 35. Qh3 $1 ({Und nicht} 35. dxe6 dxe6 36. Qxg7+ (36. Qxe6 Rg8 $15) 36... Kxg7 $11) 35... Rg8 {[%csl Gg8][%cal Rg7g1]} 36. Qh2 {zielt auf e5 ab.} Qf7 37. f5 (37. e5 $16 {[%cal Rh4h7]} Rg7 38. Qh3) 37... exf5 $2 (37... Rg5 $1 $11) 38. Qe5+ $2 (38. exf5 $18 Nxc4 39. Bxc4 Qxf5 40. Qf4) 38... Qg7 $11 39. Qxg7+ ({Günstiger ist} 39. Qh2 $1 $11) 39... Rxg7 (39... Kxg7 $15 40. exf5 Re8) 40. exf5 $2 {[%mdl 4096] Endspiel KTL-KTS} (40. e5 $1 $11 {und Weiss ist OK.}) 40... Nb7 $2 (40... Rg3 $19 41. Bf1 Kg7) 41. f6 {Die Stellung ist ausgeglichen.} Rf7 $1 42. Bg6 Rxf6 43. Rxh7+ Kg8 44. Rxd7 Rxg6 45. Rxb7 {KT-KT} Rg3 46. Rxa7 (46. d6 {with more complications.} Rd3 47. Kg2 Kf8 48. Rxa7 Ke8 49. Ra3) 46... Rxc3 47. Rb7 Rxc4 48. Rxb6 Kf7 49. Rc6 Ra4 50. Kg2 Rxa2+ 51. Kf3 Ke7 52. Ke4 Ra1 53. Rxc5 Re1+ 54. Kd4 Rd1+ 55. Kc4 Rc1+ 56. Kb5 Rxc5+ 57. Kxc5 {KB-K} Kd7 58. d6 {[%cal Bd5d6,Bd6d7][%mdl 32]} Kd8 59. Kd4 Kd7 $2 {[%mdl 8192]} (59... Ke8) 60. Kd5 Kd8 61. Ke6 {Weiss will mit d7 Matt setzen.} Ke8 62. d7+ Kd8 63. Kd6 {Precision: Weiß = 57%, Schwarz = 55%.} 1/2-1/2

[Event "SS Manhem Chess Week-IM 2018"]
[Site "Gothenburg"]
[Date "2018.08.15"]
[Round "6"]
[White "Vypkhaniuk, Ihor"]
[Black "Storme, Isak"]
[Result "1-0"]
[WhiteElo "2357"]
[BlackElo "2279"]
[Annotator "NA"]
[PlyCount "67"]
[EventDate "2018.08.11"]
[EventCountry "SWE"]
[SourceTitle "playchess.com"]
[Source "ChessBase"]
[SourceQuality "1"]
[TimeControl "40/5400+30:1800+30"]

1. c4 {[%emt 0:00:00]} e5 {[%emt 0:00:02]} 2. g3 {[%emt 0:00:35]} Nf6 {[%emt 0:01:47]} 3. Bg2 {[%emt 0:00:47]} d5 {[%emt 0:01:22]} 4. cxd5 {[%emt 0:00:20]} Nxd5 {[%emt 0:00:12]} 5. Nf3 {[%emt 0:00:50]} Nc6 {[%emt 0:00:18]} 6. O-O {[%emt 0:00:43]} Nb6 {[%emt 0:04:59]} 7. d3 {[%emt 0:09:34]} Be7 {[%emt 0:02:50]} 8. Nbd2 {[%emt 0:01:11]} O-O {[%emt 0:03:13]} 9. a3 {[%emt 0:03:56]} Re8 {[%emt 0:10:18] A20: English Opening: 1...e5} (9... a5 10. b3 f5 11. Bb2 Bf6 12. Qc2 Kh8 13. Rac1 Be6 14. Nc4 Nxc4 15. bxc4 Rb8 16. e3 Qe8 17. d4 e4 {1-0 (39) Ivanchuk,V (2726)-Harikrishna,P (2744) Huaian 2017}) 10. b3 {[%emt 0:05:34]} Bf8 {[%emt 0:06:01]} 11. Bb2 {[%emt 0:01:22]} Nd4 $146 {[%emt 0:03:40]} ({Predecessor:} 11... g6 12. Qc2 Nd4 13. Nxd4 exd4 14. Rfe1 c6 15. Nf3 Bg7 16. Qc5 Nd7 17. Qc2 {½-½ (30) Olafsson,H (2512)-Woellermann,J (2384) Douglas 2017}) 12. Rc1 {[%emt 0:01:17]} c6 {[%emt 0:03:50]} 13. Nxd4 {[%emt 0:31:49]} exd4 {[%emt 0:01:45]} 14. Nf3 {[%emt 0:00:15]} Bg4 {[%emt 0:11:26]} 15. Nxd4 {[%emt 0:03:39]} Bxa3 {[%emt 0:00:21]} 16. Bxa3 {[%emt 0:00:54]} Qxd4 {[%emt 0:00:06]} 17. Re1 {[%emt 0:00:59]} Rad8 {[%emt 0:08:20]} 18. Qd2 {[%emt 0:01:24]} Qd7 {[%emt 0:02:57]} 19. Bb2 {[%emt 0:03:07]} Re6 {[%emt 0:03:14]} 20. Ra1 {[%emt 0:02:51]} Rde8 {[%emt 0:13:46]} 21. f3 {[%emt 0:04:25]} Bf5 {[%emt 0:00:10]} 22. e4 {[%emt 0:01:30]} Bg6 {[%emt 0:00:10]} 23. Rxa7 {[%emt 0:05:13]} Rd6 {[%emt 0:05:46]} 24. d4 {[%emt 0:05:15]} f5 {[%emt 0:02:03]} 25. Qb4 {[%emt 0:05:13]} fxe4 {[%emt 0:03:37]} 26. fxe4 {[%emt 0:02:17]} Qc7 {[%emt 0:00:55]} 27. Rxb7 {[%emt 0:03:59]} Qxb7 {[%emt 0:00:26]} 28. Qxd6 {[%emt 0:00:01]} Nc4 {[%emt 0:01:30]} 29. bxc4 {[%emt 0:00:36]} Qxb2 {[%emt 0:00:06]} 30. Rf1 {[%emt 0:04:14]} Qc3 {[%emt 0:01:20]} 31. Qxc6 {[%emt 0:00:46]} Qxd4+ {[%emt 0:02:26]} 32. Kh1 {[%emt 0:00:28]} Rxe4 $18 {[%emt 0:00:20]} (32... Qe5 $16) 33. Qa8+ {[%emt 0:00:33]} Re8 {[%emt 0:00:20]} 34. Bd5+ {[%emt 0:00:18]} 1-0

[Event "SS Manhem Chess Week-IM 2018"]
[Site "Gothenburg"]
[Date "2018.08.15"]
[Round "7"]
[White "Antonsen, Mikkel"]
[Black "Kucuksari, Kaan"]
[Result "1-0"]
[WhiteElo "2444"]
[BlackElo "2329"]
[Annotator "NA"]
[PlyCount "81"]
[EventDate "2018.08.11"]
[EventCountry "SWE"]
[SourceTitle "playchess.com"]
[Source "ChessBase"]
[SourceQuality "1"]
[TimeControl "40/5400+30:1800+30"]

1. d4 {[%emt 0:00:00]} Nf6 {[%emt 0:00:00]} 2. c4 {[%emt 0:00:00]} e6 {[%emt 0:00:07]} 3. Nc3 {[%emt 0:01:07]} Bb4 {[%emt 0:00:10]} 4. Qc2 {[%emt 0:00:59]} O-O {[%emt 0:00:32]} 5. Nf3 {[%emt 0:01:59]} c5 {[%emt 0:00:07]} 6. dxc5 {[%emt 0:00:08]} Na6 {[%emt 0:00:07]} 7. g3 {[%emt 0:00:04]} Nxc5 {[%emt 0:00:03]} 8. Bg2 {[%emt 0:00:03]} Nce4 {[%emt 0:00:06]} 9. O-O {[%emt 0:00:05]} Nxc3 {[%emt 0:00:23]} 10. bxc3 {[%emt 0:00:04]} Be7 {[%emt 0:00:04]} 11. e4 {[%emt 0:00:04]} d6 {[%emt 0:00:04]} 12. e5 {[%emt 0:00:06]} dxe5 {[%emt 0:00:06]} 13. Nxe5 {[%emt 0:00:04]} Qc7 {[%emt 0:00:05]} 14. Qe2 {[%emt 0:00:09]} Nd7 {[%emt 0:01:15] E39: Nimzo-Indian: Classical: 4...c5 5 dxc5 0-0} 15. Bf4 {[%emt 0:01:05]} Bd6 {[%emt 0:00:35]} 16. Rfe1 {[%emt 0:00:30]} Nxe5 {[%emt 0:11:38]} 17. Bxe5 {[%emt 0:00:13]} Bxe5 {[%emt 0:00:04]} (17... Rb8 18. Rad1 Bxe5 19. Qxe5 Qxe5 20. Rxe5 b6 21. c5 Ba6 22. c6 {½-½ (43) Nakamura,H (2781)-Caruana,F (2799) London 2017}) 18. Qxe5 {[%emt 0:00:03]} Qxe5 {[%emt 0:00:07]} 19. Rxe5 {[%emt 0:00:04]} Rb8 {[%emt 0:05:27]} 20. Ra5 $146 {[%emt 0:11:11]} Bd7 {[%emt 0:26:21]} 21. Rxa7 {[%emt 0:00:25]} Bc6 {[%emt 0:07:23]} 22. Bxc6 {[%emt 0:03:20]} bxc6 {[%emt 0:00:02]} 23. Rd1 {[%emt 0:00:08]} Rfd8 {[%emt 0:01:37]} 24. Rxd8+ {[%emt 0:01:21]} Rxd8 {[%emt 0:00:01]} 25. Kf1 {[%emt 0:01:05]} g5 {[%emt 0:02:10]} 26. Ke2 {[%emt 0:00:15]} Kg7 {[%emt 0:02:55]} 27. a4 {[%emt 0:00:24]} Kf6 {[%emt 0:02:44]} 28. a5 {[%emt 0:10:15]} Rb8 {[%emt 0:02:48]} 29. Ke3 {[%emt 0:00:29]} Rb2 {[%emt 0:04:09]} 30. a6 {[%emt 0:23:59]} Ra2 {[%emt 0:06:51]} 31. Kd4 {[%emt 0:01:39]} Ra5 {[%emt 0:01:14]} 32. Ra8 {[%emt 0:03:11]} g4 {[%emt 0:11:43] [#]} (32... c5+ $14 33. Ke4 Ra4) 33. a7 {[%emt 0:02:42]} ({White must play} 33. c5 $1 $18) 33... Kf5 {[%emt 0:03:04]} 34. Rc8 $14 {[%emt 0:04:45]} (34. c5 $16) 34... Rxa7 {[%emt 0:00:16]} ({Black should play} 34... e5+ $1 $14 35. Ke3 Rxa7) 35. Rxc6 {[%emt 0:00:06]} Ra2 {[%emt 0:06:59]} 36. c5 {[%emt 0:01:31]} Rxf2 {[%emt 0:00:32]} 37. Rd6 {[%emt 0:00:57]} Rd2+ {[%emt 0:04:26]} 38. Kc4 {[%emt 0:00:20]} Rb2 {[%emt 0:00:59]} 39. c6 {[%emt 0:01:22]} Rb8 {[%emt 0:00:10]} 40. Kc5 {[%emt 0:00:35]} Ke5 {[%emt 0:01:22]} 41. c7 {[%emt 0:32:03]} 1-0

[Event "SS Manhem Chess Week-IM 2018"]
[Site "Gothenburg"]
[Date "2018.08.15"]
[Round "7"]
[White "Rydstrom, Tom"]
[Black "Vypkhaniuk, Ihor"]
[Result "1/2-1/2"]
[WhiteElo "2316"]
[BlackElo "2357"]
[Annotator "NA"]
[PlyCount "122"]
[EventDate "2018.08.11"]
[EventCountry "SWE"]
[SourceTitle "playchess.com"]
[Source "ChessBase"]
[SourceQuality "1"]
[TimeControl "40/5400+30:1800+30"]

1. Nc3 {[%emt 0:01:01]} d5 {[%emt 0:01:46]} 2. d4 {[%emt 0:00:04]} c6 {[%emt 0:04:04]} 3. e4 {[%emt 0:00:31]} dxe4 {[%emt 0:02:02]} 4. Nxe4 {[%emt 0:00:05]} Nd7 {[%emt 0:00:16]} 5. Nf3 {[%emt 0:01:45]} Ngf6 {[%emt 0:00:26]} 6. Nxf6+ {[%emt 0:06:46]} Nxf6 {[%emt 0:00:40]} 7. Bc4 {[%emt 0:00:58]} Bf5 {[%emt 0:04:48]} 8. c3 {[%emt 0:04:26]} e6 {[%emt 0:01:11]} 9. Qe2 {[%emt 0:02:00]} Bg4 {[%emt 0:03:34]} 10. h3 {[%emt 0:00:35]} Bxf3 {[%emt 0:02:44]} 11. Qxf3 {[%emt 0:00:03]} Nd5 {[%emt 0:01:38] B17: Caro-Kann: Modern Line (4...Nd7)} (11... Bd6 12. O-O O-O 13. Bb3 a5 14. c4 e5 15. dxe5 Bxe5 16. Rb1 Re8 17. Bc2 Bd4 18. Bg5 h6 19. Bxf6 Qxf6 20. Qxf6 Bxf6 21. Rfe1 Rxe1+ 22. Rxe1 Kf8 23. b3 Re8 24. Rxe8+ {½-½ (23) Jakovenko,D (2736)-Anand,V (2788) Moscow 2009}) 12. Bd2 {[%emt 0:00:47]} Bd6 {[%emt 0:10:45]} 13. g3 $146 {[%emt 0:00:28]} ({Predecessor:} 13. a4 a5 14. O-O O-O {½-½ (17) Gurevich,V (2435)-Rodriguez Cespedes,A (2495) Ubeda 1998}) 13... Be7 {[%emt 0:08:50]} 14. h4 {[%emt 0:00:12]} a5 {[%emt 0:01:08]} 15. a3 {[%emt 0:08:35]} Qb6 {[%emt 0:06:00]} 16. O-O {[%emt 0:12:36]} Qxb2 {[%emt 0:13:30]} 17. Qe2 {[%emt 0:00:11]} Qb6 $1 {[%emt 0:09:37]} ({Wrong is} 17... Bxa3 $2 18. Bxd5 cxd5 19. Rfb1 $18) 18. Rfb1 {[%emt 0:00:37]} Qc7 {[%emt 0:01:51]} 19. Bxd5 {[%emt 0:00:05]} cxd5 {[%emt 0:00:35]} 20. Qb5+ {[%emt 0:00:09]} Qc6 {[%emt 0:02:32]} 21. Qxb7 {[%emt 0:00:05]} Qxb7 {[%emt 0:02:14]} 22. Rxb7 {[%emt 0:00:07]} Bd6 {[%emt 0:01:32]} 23. a4 {[%emt 0:00:38]} h5 {[%emt 0:02:31]} 24. Rab1 {[%emt 0:00:30]} O-O {[%emt 0:00:58]} 25. R1b5 {[%emt 0:03:55]} (25. R1b6 $16 Ba3 26. Rb3) 25... Rfb8 {[%emt 0:08:10]} 26. Kf1 {[%emt 0:01:44]} (26. Rd7 $16 Bf8 27. Rxb8 Rxb8 28. Ra7) 26... Rxb7 {[%emt 0:02:51]} 27. Rxb7 {[%emt 0:00:05]} Ra6 {[%emt 0:01:22]} 28. Ke2 {[%emt 0:00:12]} Rc6 {[%emt 0:01:32]} 29. Ra7 {[%emt 0:17:58]} Bc7 {[%emt 0:00:02]} 30. Kd3 {[%emt 0:00:25]} Rc4 {[%emt 0:02:13]} 31. Kc2 {[%emt 0:05:24]} Kf8 {[%emt 0:01:50]} 32. Kb3 {[%emt 0:00:08]} f6 {[%emt 0:01:11]} 33. Bf4 {[%emt 0:03:38]} e5 {[%emt 0:00:12]} 34. Be3 {[%emt 0:00:14]} Rc6 {[%emt 0:01:20]} 35. Bc1 {[%emt 0:15:00]} exd4 {[%emt 0:01:02]} 36. Ba3+ {[%emt 0:00:57]} Kf7 {[%emt 0:00:26]} 37. cxd4 {[%emt 0:00:04]} Ke6 {[%emt 0:00:26]} 38. Bc5 {[%emt 0:01:06]} g5 {[%emt 0:00:37]} 39. Rb7 {[%emt 0:12:13]} Kf5 {[%emt 0:00:28]} 40. Rb5 {[%emt 0:00:39]} gxh4 {[%emt 0:00:31]} 41. gxh4 {[%emt 0:30:51]} Ke4 {[%emt 0:30:30]} 42. Kc3 {[%emt 0:00:00]} f5 {[%emt 0:00:00]} 43. Kd2 {[%emt 0:00:00]} f4 {[%emt 0:00:00]} 44. Rb3 {[%emt 0:00:00]} f3 {[%emt 0:00:00]} 45. Re3+ {[%emt 0:00:00]} Kf4 {[%emt 0:00:00]} 46. Re7 {[%emt 0:00:00]} Bd8 {[%emt 0:00:00]} 47. Rf7+ {[%emt 0:00:00]} Kg4 {[%emt 0:00:00]} 48. Rg7+ {[%emt 0:00:00]} Kf4 {[%emt 0:00:00]} 49. Rf7+ {[%emt 0:00:00]} Ke4 {[%emt 0:00:00]} 50. Rh7 {[%emt 0:00:00]} Bxh4 {[%emt 0:00:00]} 51. Rxh5 {[%emt 0:00:00]} Bxf2 {[%emt 0:00:00]} 52. Re5+ {[%emt 0:00:00]} Kf4 {[%emt 0:00:00]} 53. Rxd5 {[%emt 0:00:00]} Re6 {[%emt 0:00:00]} 54. Rd7 {[%emt 0:00:00]} Be1+ {[%emt 0:00:14]} 55. Kd3 {[%emt 0:00:01]} Re3+ {[%emt 0:00:53]} 56. Kc4 {[%emt 0:00:34]} Rc3+ {[%emt 0:03:37]} 57. Kb5 {[%emt 0:02:32]} f2 {[%emt 0:01:23]} 58. Rf7+ {[%emt 0:00:02]} Ke4 $11 {[%emt 0:00:47]} (58... Kg3 $5 59. d5 $8 Rb3+ 60. Kc6 Kg2 61. Rg7+ Kh3 $11) 59. d5 {[%emt 0:00:02]} Kxd5 {[%emt 0:00:30]} 60. Bxf2 {[%emt 0:00:02]} Rb3+ {[%emt 0:00:26]} 61. Ka6 {[%emt 0:00:01]} Bb4 {[%emt 0:01:06]} 1/2-1/2

[Event "SS Manhem Chess Week-IM 2018"]
[Site "Gothenburg"]
[Date "2018.08.15"]
[Round "7"]
[White "Pantzar, Milton"]
[Black "Hobber, Anders"]
[Result "0-1"]
[WhiteElo "2306"]
[BlackElo "2314"]
[Annotator "NA"]
[PlyCount "54"]
[EventDate "2018.08.11"]
[EventCountry "SWE"]
[SourceTitle "playchess.com"]
[Source "ChessBase"]
[SourceQuality "1"]
[TimeControl "40/5400+30:1800+30"]

1. Nf3 {[%emt 0:00:00]} d5 {[%emt 0:04:01]} 2. g3 {[%emt 0:00:07]} c6 {[%emt 0:00:53]} 3. Bg2 {[%emt 0:00:29]} Bg4 {[%emt 0:00:32]} 4. c4 {[%emt 0:00:56]} e6 {[%emt 0:00:36]} 5. O-O {[%emt 0:03:39]} Nf6 {[%emt 0:03:27]} 6. d4 {[%emt 0:04:53]} Be7 {[%emt 0:03:16]} 7. Ne5 {[%emt 0:00:54]} Bf5 {[%emt 0:00:50]} 8. Nc3 {[%emt 0:05:07] A11: English Opening: 1...c6} O-O {[%emt 0:03:50]} (8... Nbd7 9. Qb3 Qb6 10. Nxd7 Nxd7 11. e4 dxe4 12. Nxe4 O-O 13. Be3 Rfd8 14. h3 Nf6 15. Nc5 Bxc5 16. dxc5 Qc7 {1-0 (67) Mozharov,M (2555)-Belov,V (2628) Moscow 2014}) 9. Bf4 {[%emt 0:12:50]} Nbd7 {[%emt 0:02:55]} 10. Qb3 {[%emt 0:04:21]} Nxe5 {[%emt 0:08:25]} 11. dxe5 {[%emt 0:01:56]} Nd7 {[%emt 0:00:41]} 12. e4 $146 {[%emt 0:17:33]} ({Predecessor:} 12. Na4 g5 13. Be3 Qb8 14. f4 b5 15. cxb5 cxb5 16. Nc3 b4 {0-1 (35) Kuznetsov,V-Nemchenko,V (2251) ICCF email 2011}) 12... Nc5 {[%emt 0:02:56]} 13. Qc2 {[%emt 0:00:49]} dxe4 {[%emt 0:11:34]} 14. Qe2 {[%emt 0:02:52]} Qd3 {[%emt 0:03:22]} 15. Rfe1 {[%emt 0:01:02]} e3 {[%emt 0:12:35]} 16. Bxe3 {[%emt 0:11:13]} Qxe2 {[%emt 0:01:10]} 17. Rxe2 {[%emt 0:00:07]} Rfd8 {[%emt 0:06:20]} 18. b3 {[%emt 0:07:16]} Rd3 {[%emt 0:02:20]} 19. Rc1 {[%emt 0:03:47]} Rad8 {[%emt 0:02:19]} 20. Ree1 $17 {[%emt 0:01:04]} Nd7 {[%emt 0:06:06]} 21. Bxa7 {[%emt 0:08:31]} Bb4 {[%emt 0:13:08]} 22. Red1 {[%emt 0:04:28]} Nxe5 {[%emt 0:01:52]} 23. Bb6 {[%emt 0:01:35]} R8d7 {[%emt 0:01:28]} 24. Rxd3 {[%emt 0:02:13]} Nxd3 {[%emt 0:01:09]} 25. Rc2 {[%emt 0:00:02]} Ne5 {[%emt 0:02:38]} 26. Be4 {[%emt 0:01:26]} Nf3+ {[%emt 0:00:25]} 27. Bxf3 {[%emt 0:03:27]} Bxc2 {[%emt 0:01:13]} 0-1

[Event "SS Manhem Chess Week-IM 2018"]
[Site "Gothenburg"]
[Date "2018.08.15"]
[Round "7"]
[White "Storme, Isak"]
[Black "Mikalsen, Erlend"]
[Result "0-1"]
[WhiteElo "2279"]
[BlackElo "2289"]
[Annotator "NA"]
[PlyCount "96"]
[EventDate "2018.08.11"]
[EventCountry "SWE"]
[SourceTitle "playchess.com"]
[Source "ChessBase"]
[SourceQuality "1"]
[TimeControl "40/5400+30:1800+30"]

1. e4 {[%emt 0:00:00]} c5 {[%emt 0:00:00]} 2. Nf3 {[%emt 0:00:00]} d6 {[%emt 0:00:00]} 3. d4 {[%emt 0:00:00]} cxd4 {[%emt 0:00:00]} 4. Nxd4 {[%emt 0:00:00]} Nf6 {[%emt 0:00:00]} 5. Nc3 {[%emt 0:00:07]} Nc6 {[%emt 0:00:08]} 6. Bg5 {[%emt 0:00:29]} e6 {[%emt 0:00:11]} 7. Qd2 {[%emt 0:00:18]} a6 {[%emt 0:00:08]} 8. O-O-O {[%emt 0:00:21]} h6 {[%emt 0:01:47]} 9. Nxc6 {[%emt 0:05:20]} bxc6 {[%emt 0:00:05]} 10. Bf4 {[%emt 0:00:29]} d5 {[%emt 0:00:06]} 11. Qe3 {[%emt 0:04:24]} Be7 {[%emt 0:00:35]} 12. Kb1 {[%emt 0:04:30] B66: Sicilian: Richter-Rauzer: 7...a6 8 0-0-0 h6} (12. Be2 O-O 13. h4 Nd7 14. Qg3 Kh8 15. Bc7 Qe8 16. Rhe1 Bb7 17. Bf3 Rc8 18. Bd6 Bxd6 19. Qxd6 Qd8 {½-½ (45) Vachier Lagrave,M (2718)-Kempinski,R (2616) Germany 2010}) 12... a5 {[%emt 0:04:27]} 13. h4 {[%emt 0:14:35]} Ba6 {[%emt 0:03:28]} 14. exd5 $146 {[%emt 0:10:17]} ({Predecessor:} 14. e5 Nd7 15. Bxa6 Rxa6 16. Qg3 g6 17. Bc1 h5 18. f4 Bb4 19. Ne2 a4 {0-1 (50) Le Goff,D (2281)-Perrin,G (2240) Avoine 2007}) 14... cxd5 {[%emt 0:04:24]} 15. Nb5 {[%emt 0:06:33]} Rc8 {[%emt 0:12:03]} 16. Nc7+ {[%emt 0:04:39]} ({White should play} 16. Qa7 $16 Bxb5 17. Bxb5+ Kf8 18. c4) 16... Rxc7 {[%emt 0:00:08]} 17. Bxc7 {[%emt 0:00:06]} Qxc7 {[%emt 0:00:03]} 18. Bxa6 {[%emt 0:00:09]} O-O {[%emt 0:00:10]} 19. f3 {[%emt 0:04:58]} Rb8 {[%emt 0:02:48]} ({Better is} 19... a4 $11) 20. a4 $1 {[%emt 0:12:17]} Rb4 {[%emt 0:01:02]} 21. c3 {[%emt 0:03:07]} Rxa4 {[%emt 0:02:59]} 22. Bb5 {[%emt 0:02:17]} Rf4 {[%emt 0:00:03]} 23. g3 {[%emt 0:02:52]} Rf5 {[%emt 0:00:07]} 24. g4 {[%emt 0:01:31]} Re5 {[%emt 0:06:53]} 25. Qd3 {[%emt 0:00:30]} Bc5 {[%emt 0:00:23]} 26. Rde1 {[%emt 0:03:05]} Rxe1+ {[%emt 0:00:27]} 27. Rxe1 {[%emt 0:00:06]} Qg3 {[%emt 0:00:13]} 28. Rh1 {[%emt 0:00:37]} h5 {[%emt 0:03:51]} (28... g6 $11) 29. g5 {[%emt 0:00:48]} Nh7 {[%emt 0:00:04]} 30. f4 {[%emt 0:05:45]} Qxf4 {[%emt 0:00:37]} 31. Rf1 {[%emt 0:02:23]} Qxh4 {[%emt 0:04:07]} 32. g6 {[%emt 0:03:53]} fxg6 {[%emt 0:01:47]} 33. Qxg6 {[%emt 0:03:09]} Qe4+ {[%emt 0:00:22]} 34. Bd3 {[%emt 0:00:49]} Qxg6 {[%emt 0:00:11]} 35. Bxg6 {[%emt 0:00:05]} Nf6 {[%emt 0:02:42]} 36. Re1 {[%emt 0:01:46]} h4 {[%emt 0:01:14]} 37. Rxe6 {[%emt 0:00:05]} ({White should try} 37. Kc2 $15) 37... h3 {[%emt 0:00:25]} 38. Rxf6 {[%emt 0:00:51]} gxf6 {[%emt 0:00:04]} 39. Bf5 {[%emt 0:02:26]} h2 {[%emt 0:00:15]} 40. Be6+ {[%emt 0:00:05]} Kg7 {[%emt 0:00:31]} 41. Bxd5 {[%emt 0:30:39]} Kg6 {[%emt 0:30:24]} 42. b4 {[%emt 0:03:03] [#]} Bxb4 $19 {[%emt 0:00:33]} 43. cxb4 {[%emt 0:00:00]} axb4 {[%emt 0:00:00]} 44. Kb2 {[%emt 0:00:00]} Kf5 {[%emt 0:00:00]} 45. Kb3 {[%emt 0:00:00]} Kf4 {[%emt 0:00:00]} 46. Kxb4 {[%emt 0:00:00]} Ke3 {[%emt 0:00:00]} 47. Kc3 {[%emt 0:00:00]} f5 {[%emt 0:00:00]} 48. Kc2 {[%emt 0:00:00]} f4 {[%emt 0:00:00]} 0-1